[Event "Spijkenisse op-B 3rd"]
[Site "Spijkenisse"]
[Date "2013.10.26"]
[Round "3"]
[White "Mooijweer, Joost"]
[Black "Kastelein, Gerard"]
[Result "1/2-1/2"]
[WhiteElo "1465"]
[BlackElo "1749"]
[PlyCount "121"]
[EventDate "2013.10.25"]
[EventType "swiss"]
[EventRounds "6"]
[EventCountry "NED"]
[SourceTitle "EXT 2014"]
[Source "ChessBase"]
[SourceDate "2013.11.20"]
[SourceVersion "1"]
[SourceVersionDate "2013.11.20"]
[SourceQuality "1"]

1. d4 Nc6 2. Nf3 d6 3. e4 Nf6 4. Nc3 Bg4 5. Be2 e6 6. 0-0 Be7 7. d5 exd5 8. exd5 Nb8 9. Re1 0-0 10. Bg5 h6 11. Bxf6 Bxf6 12. Nd4 Re8 13. Bxg4 Rxe1+ 14. Qxe1 Bxd4 15. Qd2 Qf6 16. Re1 Na6 17. Ne4 Qe5 18. c3 Bb6 19. Nc5 Qf6 20. Nd7 Qh4 21. Nxb6 axb6 22. Bd1 Nc5 23. Bc2 Kf8 24. b4 Nd7 25. a4 Ne5 26. Re4 Qh5 27. Qe2 Qxe2 28. Rxe2 Re8 29. Kf1 g5 30. g3 Re7 31. f4 Nf3 32. Rxe7 Kxe7 33. fxg5 hxg5 34. h3 Kf6 35. Kf2 Ne5 36. Ke3 Nc4+ 37. Kd4 Nd2 38. Bd1 Nf1 39. g4 Ng3 40. Bf3 Ke7 41. Ke3 f5 42. gxf5 Nxf5+ 43. Kd3 Kf6 44. Ke2 Ke5 45. Kd3 Ne7 46. c4 Kf4 47. Bg4 Nf5 48. Bxf5 Kxf5 49. Ke3 g4 50. hxg4+ Kxg4 51. Ke4 Kg5 52. Ke3 Kf5 53. Kf3 Ke5 54. Ke3 Kf5 55. Kf3 Kg5 56. Kg3 Kf5 57. Kf3 Ke5 58. Ke3 Kf6 59. Kf4 Ke7 60. Kg5 c6 61. b5 1/2-1/2

[Event "Spijkenisse op-B 3rd"]
[Site "Spijkenisse"]
[Date "2013.10.25"]
[Round "1"]
[White "Mooijweer, Joost"]
[Black "Van 't Hof, Hans"]
[Result "0-1"]
[WhiteElo "1465"]
[BlackElo "1686"]
[PlyCount "58"]
[EventDate "2013.10.25"]
[EventType "swiss"]
[EventRounds "6"]
[EventCountry "NED"]
[SourceTitle "EXT 2014"]
[Source "ChessBase"]
[SourceDate "2013.11.20"]
[SourceVersion "1"]
[SourceVersionDate "2013.11.20"]
[SourceQuality "1"]

1. d4 Nf6 2. c4 e5 3. dxe5 Ng4 4. e3 Nxe5 5. Nf3 Nbc6 6. Bd2 g6 7. Nxe5 Nxe5 8. f4 Nc6 9. Bc3 Bb4 10. a3 Bxc3+ 11. Nxc3 0-0 12. g3 d6 13. Bg2 Be6 14. Bxc6 bxc6 15. Qd4 f5 16. Kf2 Rb8 17. Rab1 c5 18. Qd3 Rb6 19. Rhd1 Qb8 20. Qe2 Re8 21. Nb5 Bf7 22. Nc3 Kg7 23. h4 h5 24. e4 fxe4 25. g4 e3+ 26. Kg3 hxg4 27. Rh1 Qb7 28. Nd5 Bxd5 29. cxd5 Qxd5 0-1

[Event "Spijkenisse op"]
[Site "Spijkenisse"]
[Date "2010.05.15"]
[Round "2"]
[White "Mooijweer, Joost"]
[Black "Drenthen, Arjan"]
[Result "1-0"]
[WhiteElo "1491"]
[BlackElo "1743"]
[PlyCount "42"]
[EventDate "2010.05.14"]
[EventType "swiss"]
[EventRounds "6"]
[EventCountry "NED"]
[SourceTitle "CBM 136 Extra"]
[Source "ChessBase"]
[SourceDate "2010.07.02"]
[SourceVersion "2"]
[SourceVersionDate "2010.07.15"]
[SourceQuality "1"]

1. d4 Nf6 2. c4 g6 3. Nc3 Bg7 4. e4 d6 5. Nf3 0-0 6. Be2 Nbd7 7. 0-0 c5 8. d5 Ng4 9. Rb1 Bxc3 10. bxc3 Nge5 11. Bh6 Re8 12. Nxe5 Nxe5 13. f4 Nd7 14. f5 Nf6 15. Bd3 b6 16. Qf3 Kh8 17. Rb2 Ng8 18. fxg6 Nxh6 19. Qh5 fxg6 20. Qxh6 Kg8 21. Rbf2 e5 1-0

[Event "Spijkenisse op"]
[Site "Spijkenisse"]
[Date "2010.05.15"]
[Round "3"]
[White "Talmon, Danielle"]
[Black "Mooijweer, Joost"]
[Result "1-0"]
[WhiteElo "1717"]
[BlackElo "1491"]
[PlyCount "51"]
[EventDate "2010.05.14"]
[EventType "swiss"]
[EventRounds "6"]
[EventCountry "NED"]
[SourceTitle "CBM 136 Extra"]
[Source "ChessBase"]
[SourceDate "2010.07.02"]
[SourceVersion "2"]
[SourceVersionDate "2010.07.15"]
[SourceQuality "1"]

1. e4 e6 2. d4 d5 3. Nd2 Nf6 4. e5 Nfd7 5. Bd3 b6 6. Ne2 Ba6 7. Bxa6 Nxa6 8. c3 c5 9. 0-0 cxd4 10. cxd4 Ndb8 11. Nf3 Nc6 12. Be3 Be7 13. Rc1 Rc8 14. a3 0-0 15. b4 b5 16. Qd2 f6 17. Nf4 Qb6 18. Nxe6 Rfe8 19. Nc5 Nxc5 20. dxc5 Qd8 21. exf6 Bxf6 22. Rcd1 Ne5 23. Nxe5 Rxe5 24. Bf4 Rh5 25. Qe2 Rf5 26. Qe6+ 1-0